[Event "XXXIX Benasque Open 2019"]
[Site "Benasque"]
[Date "2019.07.05"]
[Round "2.9"]
[White "Garcia Romero, Benjamin Abel"]
[Black "Markus, Robert"]
[Result "0-1"]
[WhiteElo "2188"]
[BlackElo "2595"]
[Annotator "ChessBase"]
[PlyCount "128"]
[EventDate "2019.07.04"]
[EventType "swiss"]
[EventCountry "ESP"]
[SourceTitle "playchess.com"]
[Source "ChessBase"]
[SourceQuality "1"]
[TimeControl "5400+30"]

1. e4 {[%emt 0:05:35]} e6 {[%emt 0:00:00]} 2. d4 {[%emt 0:00:50]} d5 {[%emt 0:00:00]} 3. Nd2 {[%emt 0:00:56]} Nf6 {[%emt 0:00:00]} 4. e5 {[%emt 0:00:16]} Nfd7 {[%emt 0:00:00]} 5. Bd3 {[%emt 0:00:34]} c5 {[%emt 0:00:05]} 6. c3 {[%emt 0:00:15]} Nc6 {[%emt 0:00:07]} 7. Ne2 {[%emt 0:00:46]} cxd4 {[%emt 0:00:13]} 8. cxd4 {[%emt 0:00:10]} f6 {[%emt 0:00:04]} 9. exf6 {[%emt 0:00:08]} Nxf6 {[%emt 0:00:09]} 10. Nf3 {[%emt 0:01:03]} Qc7 {[%emt 0:00:12]} 11. O-O {[%emt 0:00:17]} Bd6 {[%emt 0:00:05]} 12. Bg5 {[%emt 0:00:25]} O-O {[%emt 0:00:09]} 13. Bh4 {[%emt 0:00:24]} Nh5 {[%emt 0:00:10]} 14. Rc1 {[%emt 0:05:30]} Bd7 {[%emt 0:08:31]} 15. a3 {[%emt 0:08:16]} h6 {[%emt 0:14:04]} 16. Bb1 {[%emt 0:04:00]} Be8 {[%emt 0:04:00]} 17. Re1 {[%emt 0:11:19]} g5 {[%emt 0:08:10]} 18. Bg3 {[%emt 0:00:09]} Nxg3 {[%emt 0:00:38]} 19. Nxg3 {[%emt 0:00:16]} Rf6 {[%emt 0:00:00]} 20. Ne5 {[%emt 0:01:59]} Bxe5 {[%emt 0:03:30]} 21. dxe5 {[%emt 0:04:08]} Rf4 {[%emt 0:04:47]} 22. b4 a6 {[%emt 0:05:41]} 23. Ne2 {[%emt 0:20:49]} Bh5 {[%emt 0:03:40]} 24. Qd3 {[%emt 0:05:05]} Bxe2 {[%emt 0:03:52]} 25. Qg6+ {[%emt 0:01:13]} Qg7 {[%emt 0:00:29]} 26. Qxe6+ {[%emt 0:00:29]} Kh8 {[%emt 0:01:59]} 27. Rxe2 {[%emt 0:00:15]} Nd4 {[%emt 0:00:15]} 28. Rc8+ {[%emt 0:00:14]} Rxc8 {[%emt 0:01:12]} 29. Qxc8+ {[%emt 0:00:06]} Rf8 {[%emt 0:00:06]} 30. Qg4 {[%emt 0:00:52]} Nxe2+ {[%emt 0:00:14]} 31. Qxe2 {[%emt 0:00:05]} Rc8 {[%emt 0:01:32]} 32. Bc2 {[%emt 0:04:26]} Re8 {[%emt 0:04:14]} 33. Qd3 {[%emt 0:00:19]} Rxe5 {[%emt 0:00:14]} 34. g3 {[%emt 0:00:04]} Qe7 {[%emt 0:03:34]} 35. Kg2 {[%emt 0:03:00]} Re2 {[%emt 0:05:41]} 36. Qg6 {[%emt 0:00:55]} Re6 {[%emt 0:00:57]} 37. Qf5 {[%emt 0:02:30]} Rd6 {[%emt 0:02:14]} 38. Bd3 {[%emt 0:02:28]} Kg8 {[%emt 0:00:36]} 39. Qc8+ {[%emt 0:02:33]} Kg7 {[%emt 0:02:13]} 40. Qf5 {[%emt 0:00:11]} Qf7 {[%emt 0:05:47]} 41. Qh7+ {[%emt 0:00:46]} Kf8 {[%emt 0:00:08]} 42. Qh8+ {[%emt 0:00:25]} Ke7 {[%emt 0:00:39]} 43. Qc8 {[%emt 0:00:09]} b5 {[%emt 0:05:22]} 44. Bf5 {[%emt 0:03:27]} Kf6 {[%emt 0:01:17]} 45. Bd3 {[%emt 0:00:58]} Kg7 {[%emt 0:01:14]} 46. Qc5 {[%emt 0:02:46]} Rf6 {[%emt 0:01:47]} 47. h3 Qe6 {[%emt 0:02:08]} 48. Qd4 {[%emt 0:02:33]} Qb6 {[%emt 0:00:39]} 49. Qb2 {[%emt 0:01:17]} Kf7 {[%emt 0:03:14]} 50. Bh7 {[%emt 0:02:05]} h5 {[%emt 0:00:59]} 51. Qd2 {[%emt 0:00:48]} Kf8 {[%emt 0:01:24]} 52. Bc2 h4 53. Bd1 {[%emt 0:04:46]} hxg3 {[%emt 0:02:00]} 54. fxg3 {[%emt 0:00:19]} Qe6 {[%emt 0:01:11]} 55. Bf3 Rf5 {[%emt 0:02:00]} 56. Qc2 {[%emt 0:01:56]} Qe5 {[%emt 0:01:35]} 57. Qd2 {[%emt 0:01:04]} Kg7 {[%emt 0:00:21]} 58. Qc2 {[%emt 0:00:58]} Rf7 {[%emt 0:00:29]} 59. Qd2 d4 60. Bh5 {[%emt 0:02:19]} Rf6 {[%emt 0:00:54]} 61. Qc2 {[%emt 0:00:30]} Qe3 {[%emt 0:01:09]} 62. Bg4 {[%emt 0:00:23]} d3 {[%emt 0:00:37]} 63. Qc7+ {[%emt 0:00:31]} Kh6 {[%emt 0:00:00]} 64. Bf5 Rxf5 0-1

[Event "XXXIX Benasque Open 2019"]
[Site "Benasque"]
[Date "2019.07.05"]
[Round "2.10"]
[White "Rasmussen, Allan Stig"]
[Black "Lamas Mercadal, Manuel"]
[Result "1-0"]
[WhiteElo "2569"]
[BlackElo "2177"]
[Annotator "ChessBase"]
[PlyCount "41"]
[EventDate "2019.07.04"]
[EventType "swiss"]
[EventCountry "ESP"]
[SourceTitle "playchess.com"]
[Source "ChessBase"]
[SourceQuality "1"]
[TimeControl "5400+30"]

1. d4 {[%emt 0:00:00]} e6 {[%emt 0:00:00]} 2. c4 {[%emt 0:00:00]} f5 {[%emt 0:00:00]} 3. Nf3 {[%emt 0:00:15]} Nf6 {[%emt 0:00:03]} 4. e3 {[%emt 0:00:53]} b6 {[%emt 0:01:43]} 5. Bd3 {[%emt 0:00:13]} Bb7 {[%emt 0:00:18]} 6. O-O {[%emt 0:00:08]} Bd6 {[%emt 0:00:54]} 7. Nc3 {[%emt 0:00:37]} O-O {[%emt 0:00:25]} 8. b3 {[%emt 0:02:55]} Ne4 {[%emt 0:02:28]} 9. Bxe4 {[%emt 0:09:48]} fxe4 {[%emt 0:01:24]} 10. Nd2 {[%emt 0:00:24]} Qh4 {[%emt 0:05:45]} 11. g3 {[%emt 0:03:46]} Qh3 {[%emt 0:00:42]} 12. Ndxe4 {[%emt 0:09:24]} Nc6 {[%emt 0:15:01]} 13. f3 {[%emt 0:08:57]} Ne7 {[%emt 0:04:46]} 14. Nxd6 {[%emt 0:01:55]} cxd6 {[%emt 0:00:24]} 15. e4 {[%emt 0:05:57]} d5 {[%emt 0:03:14]} 16. Ba3 {[%emt 0:08:52]} Rf7 {[%emt 0:02:22]} 17. Qd3 {[%emt 0:00:30]} dxc4 {[%emt 0:03:02]} 18. bxc4 Ng6 19. Bd6 {[%emt 0:04:37]} h5 {[%emt 0:07:28]} 20. Ne2 Rc8 {[%emt 0:00:30]} 21. Kh1 {[%emt 0:07:10]} 1-0

[Event "XXXIX Benasque Open 2019"]
[Site "Benasque"]
[Date "2019.07.06"]
[Round "3.1"]
[White "Piorun, Kacper"]
[Black "Ruperez Benito, Antonio"]
[Result "1-0"]
[WhiteElo "2656"]
[BlackElo "2350"]
[Annotator "RC"]
[PlyCount "143"]
[EventDate "2019.07.04"]
[EventType "swiss"]
[EventCountry "ESP"]
[SourceTitle "playchess.com"]
[Source "ChessBase"]
[SourceQuality "1"]
[TimeControl "5400+30"]

1. e4 {[%emt 0:00:00]} e6 {[%emt 0:00:00]} 2. d4 {[%emt 0:00:00]} d5 {[%emt 0:00:00]} 3. e5 {[%emt 0:00:00]} c5 {[%emt 0:00:00]} 4. c3 {[%emt 0:00:00]} Qb6 {[%emt 0:00:00]} 5. Nf3 {[%emt 0:00:00]} Nc6 {[%emt 0:00:00]} 6. a3 {[%emt 0:00:00]} Nh6 {[%emt 0:00:02]} 7. b4 {[%emt 0:00:27]} cxd4 {[%emt 0:00:06]} 8. Bxh6 {[%emt 0:00:15]} gxh6 {[%emt 0:00:05]} 9. cxd4 {[%emt 0:00:04]} Bd7 {[%emt 0:03:37]} 10. Ra2 {[%emt 0:01:03]} Rg8 {[%emt 0:05:56]} 11. g3 {[%emt 0:03:15]} Rg4 {[%emt 0:10:17]} 12. Rd2 {[%emt 0:00:05]} a5 {[%emt 0:11:20]} 13. b5 {[%emt 0:01:07]} Na7 {[%emt 0:02:06]} 14. Bd3 {[%emt 0:00:53]} Bxb5 {[%emt 0:15:03]} 15. O-O {[%emt 0:00:09]} Rc8 {[%emt 0:06:02]} 16. Rb2 {[%emt 0:09:42]} Qc6 {[%emt 0:00:50]} 17. Bxb5 {[%emt 0:07:03]} Nxb5 {[%emt 0:00:25]} 18. Qd3 {[%emt 0:06:28]} Na7 {[%emt 0:03:18]} 19. Qxh7 {[%emt 0:03:47]} b5 {[%emt 0:01:38]} 20. Qd3 {[%emt 0:05:49]} Kd7 {[%emt 0:10:51]} 21. Kg2 {[%emt 0:03:56]} Qc4 {[%emt 0:04:09]} 22. Qd1 {[%emt 0:08:47]} Rg8 {[%emt 0:03:15]} 23. Re1 {[%emt 0:06:32]} Be7 {[%emt 0:03:18]} 24. Ree2 {[%emt 0:05:24]} Rc6 {[%emt 0:03:04]} 25. Qd2 {[%emt 0:02:26]} b4 {[%emt 0:01:46]} 26. axb4 {[%emt 0:00:15]} axb4 {[%emt 0:00:34]} 27. Qxh6 {[%emt 0:00:57]} Nb5 {[%emt 0:00:19]} 28. Qe3 {[%emt 0:08:03]} Rgc8 {[%emt 0:03:36]} 29. h4 {[%emt 0:05:14]} Na3 {[%emt 0:02:18]} 30. Ne1 {[%emt 0:07:21]} Qc1 {[%emt 0:03:09]} 31. Qb3 {[%emt 0:02:46]} Qc4 {[%emt 0:00:56]} 32. Qe3 {[%emt 0:02:59]} Qc1 {[%emt 0:00:47]} 33. Qd3 {[%emt 0:01:24]} Qc4 {[%emt 0:01:18]} 34. Nd2 {[%emt 0:04:52]} Qxd3 {[%emt 0:03:06]} 35. Nxd3 {[%emt 0:00:01]} Rc2 {[%emt 0:00:35]} 36. Nb3 {[%emt 0:00:28]} Rxe2 {[%emt 0:01:07]} 37. Rxe2 {[%emt 0:00:03]} Rc3 {[%emt 0:00:33]} 38. Ndc1 {[%emt 0:02:11]} Nb5 {[%emt 0:00:45]} 39. Rd2 {[%emt 0:00:42]} f6 {[%emt 0:00:21]} 40. f4 {[%emt 0:00:46]} Na3 {[%emt 0:00:38]} 41. exf6 {[%emt 0:01:11]} Bxf6 {[%emt 0:00:04]} 42. Nd3 {[%emt 0:00:09]} Ke7 {[%emt 0:01:12]} 43. Ndc5 {[%emt 0:02:10]} Rc2 {[%emt 0:01:29]} 44. Rxc2 {[%emt 0:01:02]} Nxc2 {[%emt 0:00:01]} 45. Nd3 {[%emt 0:00:07]} Bxd4 {[%emt 0:00:24]} 46. Nxb4 {[%emt 0:00:35]} Nxb4 {[%emt 0:00:02]} 47. Nxd4 {[%emt 0:00:10]} Kf6 {[%emt 0:00:43]} 48. Kf3 {[%emt 0:00:26]} Nd3 {[%emt 0:01:09]} 49. Ke3 {[%emt 0:00:29]} Nb2 {[%emt 0:00:19]} 50. g4 {[%emt 0:00:27]} Nc4+ {[%emt 0:00:18]} 51. Kf3 {[%emt 0:00:07]} e5 {[%emt 0:00:12]} 52. g5+ {[%emt 0:03:00]} Kg7 {[%emt 0:00:49]} 53. fxe5 {[%emt 0:00:11]} Nxe5+ {[%emt 0:00:05]} 54. Kf4 {[%emt 0:00:02]} Ng6+ {[%emt 0:00:06]} 55. Kg4 {[%emt 0:00:03]} Ne5+ {[%emt 0:01:24]} 56. Kf5 {[%emt 0:00:05]} Nf7 {[%emt 0:00:26]} 57. Ne6+ {[%emt 0:00:13]} Kg8 {[%emt 0:00:44]} 58. Kf6 {[%emt 0:01:05]} Nd6 {[%emt 0:00:23]} 59. Ke5 {[%emt 0:00:13]} Nc8 {[%emt 0:01:28]} 60. Kxd5 {[%emt 0:00:09]} Kf7 {[%emt 0:00:31]} 61. Nf4 {[%emt 0:00:06]} Ne7+ {[%emt 0:00:05]} 62. Ke5 {[%emt 0:00:04]} Nc6+ {[%emt 0:00:05]} 63. Kf5 {[%emt 0:00:04]} Nd4+ {[%emt 0:00:08]} 64. Ke4 {[%emt 0:00:11]} Nb5 {[%emt 0:00:11]} 65. h5 {[%emt 0:00:06]} Nd6+ {[%emt 0:00:29]} 66. Kf3 {[%emt 0:00:09]} Kg7 {[%emt 0:00:46]} 67. Kg4 {[%emt 0:00:12]} Nf7 {[%emt 0:00:10]} 68. Ne6+ {[%emt 0:00:09]} Kh8 {[%emt 0:00:31]} 69. g6 {[%emt 0:00:16]} Nd6 {[%emt 0:00:54]} 70. h6 {[%emt 0:00:25]} Kg8 {[%emt 0:00:17]} 71. Ng5 {[%emt 0:00:51]} Ne4 {[%emt 0:00:33]} 72. Nxe4 {[%emt 0:00:08]} 1-0

[Event "XXXIX Benasque Open 2019"]
[Site "Benasque"]
[Date "2019.07.06"]
[Round "3.2"]
[White "Pallardo Lozoya, Jose Vicente"]
[Black "Hovhannisyan, Robert"]
[Result "1/2-1/2"]
[WhiteElo "2372"]
[BlackElo "2640"]
[Annotator "TA"]
[PlyCount "176"]
[EventDate "2019.07.04"]
[EventType "swiss"]
[EventCountry "ESP"]
[SourceTitle "playchess.com"]
[Source "ChessBase"]
[SourceQuality "1"]

{[%evp 19,176,21,23,14,8,8,8,8,8,8,19,12,11,-8,20,16,16,14,16,16,18,18,20,20,20,20,20,16,19,10,10,16,13,0,0,0,41,0,0,0,0,0,0,0,0,-13,0,0,0,-10,-24,-89,0,0,0,-8,0,-12,-11,-52,-52,-51,-55,-145,-90,-200,0,0,0,0,-1,-16,0,0,0,0,0,0,0,0,0,0,0,0,0,0,0,0,0,0,0,0,0,0,0,0,0,0,0,0,0,0,0,0,0,0,0,0,0,0,0,0,0,0,0,0,0,0,0,0,0,0,0,0,0,0,0,0,0,0,0,0,0,0,0,0,0,0,0,0,0,0,0,0,0,0,0,0,0,0,0,0,0,0,0,0,0,0,0]} 1. e4 c5 2. Nf3 Nc6 3. d4 cxd4 4. Nxd4 g6 5. c4 Nf6 6. Nc3 d6 7. Be2 Nxd4 8. Qxd4 Bg7 9. O-O O-O 10. Qd3 Nd7 11. Be3 {B36: Sicilian: Maroczy Bind: Gurgenidze System} (11. Bd2 a5 12. b3 Nc5 13. Qe3 Ne6 14. Rac1 Nd4 15. Rfd1 e5 16. Nb5 f5 17. Nxd4 exd4 18. Qd3 Qh4 {½-½ (54) Zawadzka,J (2423)-Javakhishvili,L (2464) Wroclaw 2018}) 11... Nc5 12. Qc2 Bxc3 13. Qxc3 {Black should prevent Bh6.} Nxe4 14. Qd4 Nf6 $146 ({Predecessor:} 14... Nc5 15. b4 Ne6 16. Qh4 Bd7 17. f4 f5 18. Qf2 a6 19. Bf3 {0-1 (41) Johansson,A (2029)-Petersen,P (2155) Helsingor 2012}) 15. Rfd1 b6 16. Bg5 Be6 17. Bxf6 exf6 18. Qxd6 Kg7 19. b3 Qxd6 20. Rxd6 Rad8 21. Rad1 Rxd6 22. Rxd6 $11 {[%mdl 4096] Endgame KRB-KRB} g5 23. f4 gxf4 24. Rd4 Kg6 25. Rxf4 Rd8 26. Rf2 Rd4 27. Kf1 h5 28. h3 Kg5 29. Ke1 h4 30. Bf3 Kf4 31. Bb7+ Ke5 32. Ke2 f5 33. Ke1 a5 34. Ke2 f4 35. Ke1 (35. Rf1 $11 {remains equal.}) 35... Bf5 (35... Rd3 $17) 36. Re2+ Kd6 37. Kf2 Bg6 38. Bd5 Kc5 39. Re7 Rd2+ 40. Kf3 $1 Rxa2 {Hoping for ...Bc2.} 41. Rc7+ ({Better is} 41. Kxf4 $15 Rb2 42. Rc7+ Kd4 43. Rd7) 41... Kd4 ({Black should try} 41... Kd6 42. Rb7 Rb2 43. Rxb6+ Ke5) 42. Rb7 (42. Bxf7 $17 {might work better.} Be4+ 43. Kxf4 Rf2+ 44. Kg5) 42... Ra3 $2 {[#]} (42... Rb2 $19 43. Kxf4 Rxb3) 43. Rxb6 {The position is equal.} a4 44. Ra6 $1 Rxb3+ 45. Kxf4 a3 46. Kg5 Bd3 47. Bxf7 Kc3 48. Ra4 Kb2 {White must now prevent ...Rb7.} 49. c5 Rb7 50. Be6 Re7 51. Kf6 Rc7 52. Rxh4 {[#] Rb4+ is the strong threat.} Rxc5 53. Rb4+ Kc2 54. Ra4 Kb2 55. g4 Rc6 56. Ke5 Bc2 57. Rb4+ Kc3 58. Rb8 Ra6 59. Rc8+ Kd2 60. Ba2 Rh6 61. g5 Rxh3 62. Kf6 Rf3+ 63. Ke7 Be4 64. Rc4 Bh7 (64... Bd3 {keeps more tension.} 65. Rc6 Rg3 66. Kf6 Bb5 67. Rc7 Bd3) 65. Rc6 Rg3 66. Rh6 Bc2 67. Kf6 Kc1 68. Bf7 Rf3+ 69. Ke7 Rg3 70. Ra6 Kb2 71. Rb6+ Kc1 72. Ra6 Rxg5 73. Rxa3 Kd2 74. Bc4 Rc5 75. Ba6 Rh5 76. Bc4 Rh6 77. Rf3 Be4 78. Ra3 Rc6 79. Bb5 Rc5 80. Ba6 Rc7+ 81. Kd6 Ra7 82. Kc5 Bc2 83. Kb6 Rg7 84. Bc4 Rg5 85. Bb5 Kc1 86. Bc4 Kb2 87. Re3 Rh5 88. Rg3 Re5 {Accuracy: White = 67%, Black = 69%.} 1/2-1/2

[Event "XXXIX Benasque Open 2019"]
[Site "Benasque"]
[Date "2019.07.06"]
[Round "3.3"]
[White "Cervello Tost, Ferran"]
[Black "Ter-Sahakyan, Samvel"]
[Result "0-1"]
[WhiteElo "2349"]
[BlackElo "2625"]
[Annotator "RC"]
[PlyCount "72"]
[EventDate "2019.07.04"]
[EventType "swiss"]
[EventCountry "ESP"]
[SourceTitle "playchess.com"]
[Source "ChessBase"]
[SourceQuality "1"]
[TimeControl "5400+30"]

1. d4 {[%emt 0:00:00]} e6 {[%emt 0:00:00]} 2. Nf3 {[%emt 0:00:00]} f5 {[%emt 0:00:00]} 3. g3 {[%emt 0:00:12]} Nf6 {[%emt 0:00:01]} 4. Bg2 {[%emt 0:00:05]} d5 {[%emt 0:00:05]} 5. O-O {[%emt 0:00:13]} Bd6 {[%emt 0:00:06]} 6. c4 {[%emt 0:00:54]} c6 {[%emt 0:00:09]} 7. b3 {[%emt 0:00:24]} Qe7 {[%emt 0:00:07]} 8. Bb2 {[%emt 0:02:14]} b6 {[%emt 0:03:27]} 9. Ne5 {[%emt 0:03:35]} Bb7 {[%emt 0:00:24]} 10. Nd2 {[%emt 0:02:37]} O-O {[%emt 0:00:21]} 11. Rc1 {[%emt 0:01:18]} a5 {[%emt 0:01:46]} 12. a4 {[%emt 0:01:53]} Na6 {[%emt 0:01:04]} 13. Nd3 {[%emt 0:04:49]} Ne4 {[%emt 0:14:54]} 14. f3 {[%emt 0:04:37]} Nxd2 {[%emt 0:00:08]} 15. Qxd2 {[%emt 0:00:05]} c5 {[%emt 0:00:23]} 16. e3 {[%emt 0:09:10]} dxc4 {[%emt 0:11:20]} 17. bxc4 {[%emt 0:01:16]} Nb4 {[%emt 0:00:09]} 18. e4 cxd4 {[%emt 0:01:14]} 19. exf5 {[%emt 0:08:37]} exf5 {[%emt 0:02:39]} 20. Rfe1 {[%emt 0:03:03]} Qf6 {[%emt 0:01:03]} 21. f4 {[%emt 0:00:16]} Bxg2 {[%emt 0:03:26]} 22. Kxg2 {[%emt 0:00:20]} Bc5 {[%emt 0:00:16]} 23. Re5 {[%emt 0:03:30]} Qc6+ {[%emt 0:00:26]} 24. Kg1 {[%emt 0:00:19]} Rae8 {[%emt 0:02:33]} 25. Rce1 {[%emt 0:00:58]} Nxd3 {[%emt 0:02:04]} 26. Qxd3 {[%emt 0:00:12]} Qxa4 {[%emt 0:00:29]} 27. Kf1 {[%emt 0:02:50]} Rd8 {[%emt 0:03:54]} 28. Re6 {[%emt 0:05:29]} Qd7 {[%emt 0:00:36]} 29. Ba3 {[%emt 0:01:00]} Qb7 {[%emt 0:03:37]} 30. Kf2 {[%emt 0:02:21]} Bxa3 {[%emt 0:04:32]} 31. Qxa3 {[%emt 0:00:03]} d3 {[%emt 0:00:11]} 32. Re7 {[%emt 0:01:24]} Qc6 {[%emt 0:01:23]} 33. Qc3 {[%emt 0:01:39]} Rf6 {[%emt 0:04:31]} 34. R7e3 {[%emt 0:06:49]} d2 {[%emt 0:01:29]} 35. Rd1 {[%emt 0:00:03]} Rfd6 {[%emt 0:01:17]} 36. Qe5 {[%emt 0:02:15]} Qa4 {[%emt 0:01:57]} 0-1

[Event "XXXIX Benasque Open 2019"]
[Site "Benasque"]
[Date "2019.07.06"]
[Round "3.4"]
[White "Deac, Bogdan-Daniel"]
[Black "Esplugas Esteve, Vicenc"]
[Result "1/2-1/2"]
[WhiteElo "2621"]
[BlackElo "2347"]
[Annotator "RC"]
[PlyCount "138"]
[EventDate "2019.07.04"]
[EventType "swiss"]
[EventCountry "ESP"]
[SourceTitle "playchess.com"]
[Source "ChessBase"]
[SourceQuality "1"]
[TimeControl "5400+30"]

1. d4 {[%emt 0:00:00]} Nf6 {[%emt 0:00:00]} 2. c4 {[%emt 0:00:00]} e6 {[%emt 0:00:00]} 3. Nf3 {[%emt 0:00:00]} d5 {[%emt 0:00:00]} 4. g3 {[%emt 0:03:42]} Be7 {[%emt 0:00:03]} 5. Bg2 {[%emt 0:00:09]} O-O {[%emt 0:00:07]} 6. Nc3 {[%emt 0:00:05]} dxc4 {[%emt 0:01:41]} 7. Ne5 {[%emt 0:00:04]} Nc6 {[%emt 0:00:47]} 8. Bxc6 {[%emt 0:00:05]} bxc6 {[%emt 0:00:05]} 9. Nxc6 {[%emt 0:00:04]} Qe8 {[%emt 0:00:08]} 10. Nxe7+ {[%emt 0:00:05]} Qxe7 {[%emt 0:00:07]} 11. Qa4 {[%emt 0:00:05]} c5 {[%emt 0:01:08]} 12. dxc5 {[%emt 0:00:06]} Qxc5 {[%emt 0:00:08]} 13. Be3 {[%emt 0:00:04]} Qc7 {[%emt 0:00:09]} 14. O-O-O {[%emt 0:00:06]} Bb7 {[%emt 0:10:53]} 15. f3 {[%emt 0:00:02]} Nd5 {[%emt 0:03:59]} 16. Bd4 {[%emt 0:00:17]} e5 {[%emt 0:07:55]} 17. Nxd5 {[%emt 0:01:35]} Bxd5 {[%emt 0:00:09]} 18. Bc3 {[%emt 0:00:04]} Be6 {[%emt 0:01:46]} 19. Rd2 {[%emt 0:02:56]} a5 {[%emt 0:04:04]} 20. Qa3 {[%emt 0:28:05]} Rfe8 {[%emt 0:11:55]} 21. Qd6 {[%emt 0:21:41]} Qxd6 {[%emt 0:00:28]} 22. Rxd6 {[%emt 0:00:03]} f6 {[%emt 0:02:05]} 23. Rhd1 {[%emt 0:00:02]} Kf7 {[%emt 0:02:57]} 24. a3 {[%emt 0:00:06]} h5 {[%emt 0:02:05]} 25. h4 {[%emt 0:05:29]} a4 {[%emt 0:04:00]} 26. Kc2 {[%emt 0:03:34]} Bf5+ {[%emt 0:02:47]} 27. e4 {[%emt 0:06:02]} Bh3 {[%emt 0:00:10]} 28. Kd2 {[%emt 0:01:28]} Red8 {[%emt 0:06:24]} 29. Ke2 {[%emt 0:05:40]} Rxd6 {[%emt 0:00:41]} 30. Rxd6 {[%emt 0:00:06]} Ra7 {[%emt 0:03:53]} 31. Rb6 {[%emt 0:04:17]} Rc7 {[%emt 0:02:42]} 32. Ra6 {[%emt 0:12:18]} Bd7 {[%emt 0:00:10]} 33. Ke3 {[%emt 0:00:02]} Bb5 {[%emt 0:05:59]} 34. Rb6 {[%emt 0:00:09]} Bd7 {[%emt 0:00:06]} 35. f4 {[%emt 0:00:59]} Rc6 {[%emt 0:06:35]} 36. Rb7 {[%emt 0:00:05]} exf4+ {[%emt 0:02:54]} 37. gxf4 {[%emt 0:00:10]} Ke8 {[%emt 0:04:40]} 38. Ra7 {[%emt 0:08:14]} Re6 {[%emt 0:00:37]} 39. Rc7 {[%emt 0:00:54]} Rc6 {[%emt 0:01:45]} 40. Rb7 {[%emt 0:00:02]} Rd6 {[%emt 0:03:02]} 41. Bd4 {[%emt 0:00:07]} Re6 {[%emt 0:01:01]} 42. Ra7 {[%emt 0:00:36]} Bc6 {[%emt 0:00:43]} 43. e5 {[%emt 0:00:06]} fxe5 {[%emt 0:01:48]} 44. Bxe5 {[%emt 0:00:03]} Bd7 {[%emt 0:01:13]} 45. Kd4 {[%emt 0:00:38]} g6 {[%emt 0:01:02]} 46. Kxc4 {[%emt 0:00:48]} Ke7 {[%emt 0:00:37]} 47. Kd5 {[%emt 0:00:17]} Rb6 {[%emt 0:00:20]} 48. Bd4 {[%emt 0:01:33]} Rd6+ {[%emt 0:01:03]} 49. Kc4 {[%emt 0:00:19]} Ke8 {[%emt 0:01:39]} 50. Kc5 {[%emt 0:00:47]} Re6 {[%emt 0:01:13]} 51. Kd5 {[%emt 0:00:11]} Re2 {[%emt 0:02:14]} 52. Ra6 {[%emt 0:00:55]} Rg2 {[%emt 0:01:02]} 53. Ke5 {[%emt 0:00:37]} Rg4 {[%emt 0:01:14]} 54. Bc5 {[%emt 0:00:30]} Rxh4 {[%emt 0:01:26]} 55. Rxg6 {[%emt 0:00:11]} Rg4 {[%emt 0:01:00]} 56. Rh6 {[%emt 0:00:06]} h4 {[%emt 0:00:31]} 57. Rh8+ {[%emt 0:00:53]} Kf7 {[%emt 0:00:02]} 58. Rh7+ {[%emt 0:00:09]} Ke8 {[%emt 0:00:23]} 59. Be3 {[%emt 0:01:14]} Rg3 {[%emt 0:00:47]} 60. Bb6 {[%emt 0:00:28]} Rg6 {[%emt 0:00:59]} 61. Bd4 {[%emt 0:00:23]} h3 {[%emt 0:00:29]} 62. Rh5 {[%emt 0:00:13]} Re6+ {[%emt 0:00:15]} 63. Kd5 {[%emt 0:00:05]} Re2 {[%emt 0:00:15]} 64. Kd6 {[%emt 0:01:20]} Re6+ {[%emt 0:00:06]} 65. Kd5 {[%emt 0:00:03]} Re2 {[%emt 0:00:02]} 66. Rh8+ {[%emt 0:00:28]} Ke7 {[%emt 0:00:06]} 67. Rh7+ {[%emt 0:00:32]} Ke8 {[%emt 0:00:16]} 68. Rh8+ {[%emt 0:00:29]} Ke7 {[%emt 0:00:02] Rh} 69. Rh7+ {[%emt 0:00:40]} Ke8 {[%emt 0:00:02]} 1/2-1/2

[Event "XXXIX Benasque Open 2019"]
[Site "Benasque"]
[Date "2019.07.06"]
[Round "3.5"]
[White "Lianes Garcia, Marcos"]
[Black "Indjic, Aleksandar"]
[Result "0-1"]
[WhiteElo "2346"]
[BlackElo "2604"]
[Annotator "RC"]
[PlyCount "86"]
[EventDate "2019.07.04"]
[EventType "swiss"]
[EventCountry "ESP"]
[SourceTitle "playchess.com"]
[Source "ChessBase"]
[SourceQuality "1"]
[TimeControl "5400+30"]

1. d4 {[%emt 0:00:00]} Nf6 {[%emt 0:01:18]} 2. c4 {[%emt 0:00:01]} e6 {[%emt 0:00:39]} 3. Nf3 {[%emt 0:01:06]} Bb4+ {[%emt 0:00:12]} 4. Bd2 {[%emt 0:06:27]} a5 {[%emt 0:01:46]} 5. Nc3 {[%emt 0:06:57]} b6 {[%emt 0:00:24]} 6. e3 {[%emt 0:04:42]} Bb7 {[%emt 0:03:40]} 7. Bd3 {[%emt 0:00:52]} O-O {[%emt 0:01:12]} 8. O-O {[%emt 0:01:05]} d6 {[%emt 0:01:12]} 9. Qe2 {[%emt 0:05:54]} Nbd7 {[%emt 0:07:23]} 10. e4 {[%emt 0:02:47]} e5 {[%emt 0:01:15]} 11. d5 {[%emt 0:01:30]} Nc5 {[%emt 0:00:36]} 12. Bc2 {[%emt 0:01:06]} c6 {[%emt 0:00:22]} 13. dxc6 {[%emt 0:09:58]} Bxc6 {[%emt 0:00:48]} 14. Nd5 {[%emt 0:00:05]} Bxd2 {[%emt 0:03:22]} 15. Nxd2 {[%emt 0:01:47]} Rb8 {[%emt 0:02:32]} 16. Qf3 {[%emt 0:09:35]} Nfd7 {[%emt 0:04:57]} 17. Rac1 {[%emt 0:09:46]} Ne6 {[%emt 0:02:17]} 18. Qe3 {[%emt 0:01:15]} Ndc5 {[%emt 0:00:52]} 19. Bd1 {[%emt 0:02:32]} b5 {[%emt 0:02:47]} 20. Nc3 {[%emt 0:09:11]} bxc4 {[%emt 0:11:59]} 21. Nxc4 {[%emt 0:00:16]} a4 {[%emt 0:00:23]} 22. Nd5 {[%emt 0:06:26]} f5 {[%emt 0:12:06]} 23. exf5 {[%emt 0:01:35]} Nd4 {[%emt 0:00:08]} 24. Nc3 {[%emt 0:04:57]} Rb4 {[%emt 0:08:30]} 25. b3 {[%emt 0:06:19]} axb3 {[%emt 0:01:14]} 26. axb3 {[%emt 0:00:02]} Rxf5 {[%emt 0:08:45]} 27. Na2 {[%emt 0:02:22]} Rb5 {[%emt 0:03:11]} 28. b4 {[%emt 0:00:37]} Nce6 {[%emt 0:00:20]} 29. Bg4 {[%emt 0:01:18]} Nf4 {[%emt 0:00:55]} 30. Nxe5 {[%emt 0:01:17]} dxe5 {[%emt 0:05:04]} 31. Rxc6 {[%emt 0:00:08]} Qd5 {[%emt 0:00:06]} 32. Rc8+ {[%emt 0:00:09]} Kf7 {[%emt 0:00:17]} 33. Bh3 {[%emt 0:02:31]} Nxh3+ {[%emt 0:07:56]} 34. Qxh3 {[%emt 0:00:05]} Qxa2 {[%emt 0:00:07]} 35. Qxh7 {[%emt 0:00:23]} Qa7 {[%emt 0:00:33]} 36. Rd8 {[%emt 0:01:20]} Qe7 {[%emt 0:01:44]} 37. Qg8+ {[%emt 0:00:45]} Kg6 {[%emt 0:00:09]} 38. Re8 {[%emt 0:01:16]} Qf7 {[%emt 0:01:02]} 39. Qxf7+ {[%emt 0:00:15]} Kxf7 {[%emt 0:00:07]} 40. Rd8 {[%emt 0:00:33]} Rxb4 {[%emt 0:00:08]} 41. Re1 {[%emt 0:00:03]} Rb2 {[%emt 0:00:28]} 42. Rd7+ {[%emt 0:00:10]} Kg8 {[%emt 0:00:21]} 43. Rf1 {[%emt 0:01:06]} Ne2+ {[%emt 0:00:20]} 0-1